LEADER 01373nam a2200301 a 4500 001 000000130620 003 CaOOAMICUS 005 20121003103209.0 008 121003s1955 fr u000 u fre r 040 $aPUL$bita 100 1 $aArquillière, Henri Xavier,$csac.,$d1883-1956.$0(OLS)http://pul/name/3944 245 12$aL'augustinisme politique :$bessai sur la formation des théories politiques du moyen-âge /$cpar H.-X. Arquillière. 250 $a2ème éd. revue et augmentée. 260 $aParis :$bJ. Vrin,$c1955. 300 $a206 p. ;$c25 cm 490 1 $aL'Eglise et l'Etat au moyen âge ;$v02 500 $aComprende indici. 504 $aBibliografia: p. [11]-17. 600 04$aAugustinus,$cs., vesc. d'Ippona,$d354-430$xPensiero politico e sociale.$0(OLS)http://pul/subject/8639 650 4$aPolitica$xTeorie$yEvo medio.$0(OLS)http://pul/subject/15997 830 2$aL'Eglise et l'Etat au moyen âge ;$v02.$0(OLS)http://pul/title/5546 850 $aPUL 852 $aPUL$W1$xDP1 Fondo E. Rossi$y115$m1 A 63$j41585$qFondi$B149755$CPULBib$Z2$F149755 $82 941 1 $a1 961 $aCollocazione ms. sul dorso di E. Rossi: A 63. 996 $6245$aL'augustinisme politique :$bessai sur la formation des théories politiques du moyen-âge$9(OLS)http://pul/title/48533 996 $6260$aParis :$bJ. Vrin$9(OLS)http://pul/publisher/48393 LEADER 01754nam a2200397 u 4500 001 000000068762 003 CaOOAMICUS 005 20070226121831.0 008 020318s2001 it u000 u ita u 020 $a8839406026 035 $a10924351 040 $aPUL$bita 041 1 $aita$hger 100 1 $aHertzberg, Hans Wilhelm.$0(OLS)http://pul/name/24655 240 10$aBücher Josua, Richter, Ruth.$lItaliano.$0(OLS)http://pul/title/90905 245 10$aGiosuè, Giudici, Ruth /$ctraduzione e commento di Hans Wilhelm Hertzberg ; traduzione italiana di Franco Ronchi. 260 $aBrescia :$bPaideia,$cc2001. 300 $a446 p. ;$c23 cm 490 1 $aAntico Testamento ;$v9 504 $aBibliografia in nota. 630 04$aBiblia.$pV.T.$pIosue.$0(OLS)http://pul/subject/24588 630 04$aBiblia.$pV.T.$pIudicum.$0(OLS)http://pul/subject/8447 630 04$aBiblia.$pV.T.$pRuth.$0(OLS)http://pul/subject/17517 700 1 $aRonchi, Franco.$0(OLS)http://pul/name/25184 730 0 $aBiblia.$pV.T.$pIudicum.$lItaliano.$0(OLS)http://pul/title/42986 730 0 $aBiblia.$pV.T.$pIosue.$lItaliano.$0(OLS)http://pul/title/12223 730 0 $aBiblia.$pV.T.$pRuth.$lItaliano.$0(OLS)http://pul/title/42989 830 0$aAntico Testamento ;$v9.$0(OLS)http://pul/title/18620 850 $aPUL 852 $aPUL$W1$xSL Religione 1$y3$m1(6) H 9$j88894$nBK-PRI$b $qStampati$B88894$CPULBib$Z2$F88894 $HPUL98637 $81 941 1 $a8 960 $aBiblia.$pV.T.$pJosué$924588 960 $aBiblia$aV.T. $aGiosuè $924588 996 $6020$a8839406026$9(OLS)http://pul/number/89123 996 $6245$aGiosuè, Giudici, Ruth$9(OLS)http://pul/title/90906 996 $6260$aBrescia :$bPaideia$9(OLS)http://pul/publisher/47884